| 000 | 00871nam a22002417a 4500 | ||
|---|---|---|---|
| 999 |
_c4861 _d4861 |
||
| 003 | AR-CdUCM | ||
| 008 | 190311b ||||| |||| 00| 0 spa d | ||
| 040 |
_aMUNICIPALIDAD PROVINCIAL DEL CUSCO _cBIBLIOTECA MUNICIPAL DEL CUSCO |
||
| 082 |
_a301.4 / _bL36 |
||
| 100 |
_aLedrut, Raymond _914960 |
||
| 245 | _aSociología urbana / | ||
| 260 |
_aMadrid : _bInstituto de estudios de administración local, _c1971. |
||
| 300 |
_a341 páginas ; _c21 cm. |
||
| 440 |
_aNuevo urbanismo _n1 _914961 |
||
| 505 | _aLa organización colectiva de ciudades -- De la ciudad aristocrática a la megalópolis -- La organización del espacio social urbano... | ||
| 650 |
_aUrbanismo. _94748 |
||
| 650 |
_aciudad. _914962 |
||
| 650 |
_aEspacio social.. _914963 |
||
| 650 |
_aCultura. _9126 |
||
| 700 |
_aGrillo Solano, Enrique (traductor) _914964 |
||
| 942 |
_2ddc _cLIBROS |
||
| 945 | _awfj | ||